| 000 | 00427nam a2200133Ia 4500 | ||
|---|---|---|---|
| 008 | 171207s9999 xx 000 0 und d | ||
| 100 | _aRoberts, Chris | ||
| 245 | 2 | _aA Theory of Lodging: Exploring Hotel Guest Behavior | |
| 245 | _cChris Roberts, Linda J. Shea | ||
| 260 | _c2017 | ||
| 300 | _apages 389-92, May 2017 | ||
| 440 |
_aJournal of Hospitality & Tourism Research _v41:4 |
||
| 650 | _aHUMAN BEHAVIOR, LODGING, THEORY | ||
| 999 |
_c347572 _d347572 |
||